000 00548nam a2200193Ia 4500
001 14881
003 GE_BSU
008 181216s||||||||xx |||||||||||||| ||und||
040 _cGE_BSU
080 _a514.12(075.8)
100 _aБахвалов,С.В. Бабушкин,Л.И. Иваницкая,В.П.
245 _aАналитическая геометрия
260 _aМосква
260 _bУчпедгиз
260 _c1958
300 _a328стр.22см.
653 _aАналитическая геометрия
942 _cBK
999 _c48001
_d48001